<?xml version="1.0" encoding="UTF-8"?>
<record
    xmlns:xsi="http://www.w3.org/2001/XMLSchema-instance"
    xsi:schemaLocation="http://www.loc.gov/MARC21/slim http://www.loc.gov/standards/marcxml/schema/MARC21slim.xsd"
    xmlns="http://www.loc.gov/MARC21/slim">

  <leader>03775nam a2200253   4500</leader>
  <controlfield tag="003">vecauma</controlfield>
  <controlfield tag="005">20260414194420.0</controlfield>
  <controlfield tag="007">ta</controlfield>
  <controlfield tag="008">260414b        ve ||||| |||| 00| 0 spa d</controlfield>
  <datafield tag="020" ind1=" " ind2=" ">
    <subfield code="a">8489656274</subfield>
  </datafield>
  <datafield tag="040" ind1=" " ind2=" ">
    <subfield code="a">vecauma</subfield>
    <subfield code="b">spa</subfield>
    <subfield code="c">vecauma</subfield>
    <subfield code="d">vecauma</subfield>
    <subfield code="e">rda</subfield>
  </datafield>
  <datafield tag="041" ind1=" " ind2=" ">
    <subfield code="a">spa</subfield>
  </datafield>
  <datafield tag="100" ind1="1" ind2=" ">
    <subfield code="e">autor</subfield>
  </datafield>
  <datafield tag="245" ind1="1" ind2=" ">
    <subfield code="a"> Organizaci&#xF3;n y gesti&#xF3;n de la empresa informativa</subfield>
    <subfield code="c">/ Jos&#xE9; Ignacio Poblaci&#xF3;n y Pedro Garc&#xED;a-Alonso </subfield>
  </datafield>
  <datafield tag="264" ind1=" " ind2=" ">
    <subfield code="a">Espa&#xF1;a:</subfield>
    <subfield code="b">Editorial cie de inversiones editoriales, S.L.; </subfield>
    <subfield code="c">1997.</subfield>
  </datafield>
  <datafield tag="300" ind1=" " ind2=" ">
    <subfield code="a">454 p&#xE1;ginas.</subfield>
  </datafield>
  <datafield tag="336" ind1=" " ind2=" ">
    <subfield code="a">texto</subfield>
    <subfield code="b">txt</subfield>
    <subfield code="2">rdacontenido</subfield>
  </datafield>
  <datafield tag="337" ind1=" " ind2=" ">
    <subfield code="a">no mediado</subfield>
    <subfield code="b">n</subfield>
    <subfield code="2">rdamedio</subfield>
  </datafield>
  <datafield tag="338" ind1=" " ind2=" ">
    <subfield code="a">volumen</subfield>
    <subfield code="b">nc</subfield>
    <subfield code="2">rdasoporte</subfield>
  </datafield>
  <datafield tag="505" ind1="0" ind2=" ">
    <subfield code="a">Concepto y estructura de la empresa /
El empresario como sujeto del derecho /
Las empresas informativas /
La empresa de prensa /
</subfield>
  </datafield>
  <datafield tag="520" ind1="3" ind2=" ">
    <subfield code="a">Jos&#xE9; Ignacio Poblaci&#xF3;n naci&#xF3; en Valencia, aunque es asturiano de sangre. Estudi&#xF3; Ciencias Pol&#xED;ticas, Econ&#xF3;micas y Comerciales en la Universidad Complutense de Madrid. Se doctor&#xF3; en Ciencias Econ&#xF3;micas en dicha Universidad en 1970, siendo el t&#xED;tulo de su tesis Econom&#xED;a y desarrollo regional. Tras haberse dedicado al mundo de la empresa de 1974 a 1989, simultane&#xF3; esta actividad con la docencia universitaria y con la investigaci&#xF3;n empresarial. En 1989, tras ganar la plaza de Profesor Titular de Empresa Informativa del Departamento de Periodismo IV de Ciencias de la Informaci&#xF3;n de la Universidad Complutense de Madrid, ha dedicado toda su actividad investigadora a la empresa informativa.
Entre sus trabajos de investigaci&#xF3;n y publicaciones destacan Los atributos de calidad del producto informativo (1997), El umbral de rentabilidad de las empresas de prensa (1994), Planteamiento de un desarrollo regional en Espa&#xF1;a (1986), Consideraciones sobre el problema econ&#xF3;mico espa&#xF1;ol (1982), An&#xE1;lisis de la crisis econ&#xF3;mica y financiera de occidente (1980), Consecuencias econ&#xF3;micas de la crisis del petr&#xF3;leo (1978), La inflaci&#xF3;n en las econom&#xED;as occidentales (1976).

Pedro Garc&#xED;a-Alonso naci&#xF3; en Bilbao y ha desarrollado su vida profesional en Pamplona, Vitoria, Bilbao y Madrid, con periodos en Oxford, Lezo y Getxo. Es Doctor en Ciencias de la Informaci&#xF3;n por la Universidad Complutense de Madrid, defendiendo su tesis Unidad Editorial, S.A. (1989-1994). Diario "El Mundo del siglo XXI": lanzamiento y consolidaci&#xF3;n de una empresa informativa. Master en Direcci&#xF3;n de Empresas M.B.A. por el Instituto de Empresa, Doctor en Filosof&#xED;a y Doctor en Filosof&#xED;a Pr&#xE1;ctica-&#xC9;tica por la Universidad de Navarra, es tambi&#xE9;n miembro fundador y socio de n&#xFA;mero de la European Business Ethics Network en Barcelona y Madrid. Habiendo conseguido el puesto de profesor en la U.N.E.D. de Bizkaia e impartido clases en el Bachillerato Internacional, dirige cursos y seminarios sobre &#xC9;tica Empresarial en la Escuela Superior de Marketing y otros centros de estudios e investigaci&#xF3;n. Colabora habitualmente con emisoras de estudiantes, como Portoviejo Radio, y con publicaciones universitarias, como ENFOQUE, Voces, Al d&#xED;a, y otros medios. Actualmente cumple su sexto a&#xF1;o ejerciendo como profesor ordinario de Empresa Informativa y de Empresa Audiovisual en la Universidad Europea de Madrid.
Entre sus obras publicadas se encuentran: Evoluci&#xF3;n en el mercado de la Prensa: 1976- 1996 (1996). Diario El Mundo: las claves de un crecimiento r&#xE9;cord: 1989-1994 (1995), Filosof&#xED;a Pr&#xE1;ctica: trabajo y &#xE9;tica en unidad de vida (1995), Diarios y semanarios de prensa gratuita (1995), Derecho a la informaci&#xF3;n en los archivos p&#xFA;blicos (1994), Evoluci&#xF3;n de la prensa gratuita (1994), Dimensiones de la voluntad (1987), Socratismo y modernidad en E.d'Ors (1986). 
</subfield>
  </datafield>
  <datafield tag="942" ind1=" " ind2="1">
    <subfield code="2">lcc</subfield>
    <subfield code="n">0</subfield>
    <subfield code="c">BK</subfield>
  </datafield>
  <datafield tag="999" ind1=" " ind2=" ">
    <subfield code="c">13367</subfield>
    <subfield code="d">13367</subfield>
  </datafield>
  <datafield tag="952" ind1=" " ind2=" ">
    <subfield code="0">0</subfield>
    <subfield code="1">0</subfield>
    <subfield code="2">lcc</subfield>
    <subfield code="4">0</subfield>
    <subfield code="7">0</subfield>
    <subfield code="8">CG</subfield>
    <subfield code="a">BUMA</subfield>
    <subfield code="b">BUMA</subfield>
    <subfield code="c">GEN</subfield>
    <subfield code="d">2026-04-14</subfield>
    <subfield code="i">49177</subfield>
    <subfield code="l">0</subfield>
    <subfield code="p">2026-0506</subfield>
    <subfield code="r">2026-04-14</subfield>
    <subfield code="w">2026-04-14</subfield>
    <subfield code="y">BK</subfield>
  </datafield>
</record>
